Dedem beni korkuttu hikâyeleri /

Saved in:
நூற்பட்டியல் விவரங்கள்
தலைமை எழுத்தாளர்: Küçük İskender, 1964-
வடிவம்: புத்தகம்
மொழி:Turkish
வெளியீடப்பட்டது: Çemberlitaş, İstanbul : Parantez Yayınları, 1993.
பதிப்பு:2. baskı.
தொகுதி:Küçük İskender, 1964- Arkaoda cinayetleri ; 1.
குறியீடுகள்: குறிச்சொல் இணை
குறியீடுகள் இல்லை, இந்த குறிச்சொல்லை முதலில் பதிவு செய்யுங்கள்!
LEADER 00653nam a2200205 a 4500
001 005376925-2
005 20020606163548.3
008 950303s1993 tu c 000 0 tur d
035 0 |a ocm34738056 
090 |a PL248.K74  |b D43 1993x 
100 0 |a Küçük İskender,  |d 1964- 
245 1 0 |a Dedem beni korkuttu hikâyeleri /  |c küçük İskender. 
250 |a 2. baskı. 
260 |a Çemberlitaş, İstanbul :  |b Parantez Yayınları,  |c 1993. 
300 |a 102 p. :  |b port. ;  |c 20 cm. 
490 1 |a Arkaoda cinayetleri / küü̧k İskender ;  |v 1 
500 |a Poems. 
800 0 |a Küçük İskender,  |d 1964-  |t Arkaoda cinayetleri ;  |v 1. 
988 |a 20020608 
906 |0 MH